| 000 | 01043nam0a22002651 4500 | ||
|---|---|---|---|
| 001 | rc\4315826 | ||
| 005 | 20260408082619.0 | ||
| 021 |
_aRU _bРг2898-67 |
||
| 021 |
_aRU _b67-7590 |
||
| 035 | _a(NLR Aleph) 008263141 | ||
| 090 |
_a8409776 _c8409776 |
||
| 100 | _a20130416d1966 |||y0rusy50 ca | ||
| 101 | 0 | _arus | |
| 102 | _aRU | ||
| 105 | _aa z ||||| | ||
| 200 | 1 |
_aВибратор общего назначения с круговыми колебаниями модели С-793 _eПаспорт и инструкция по эксплуатации _fСССР. М-во строит., дор. и коммун. машиностроения. З-д "Красный маяк" |
|
| 210 |
_aЯрославль _cЦБТИ _d1966 |
||
| 215 |
_a15 с. _cил. _d20 |
||
| 712 | 0 | 2 |
_a"Красный маяк", электротехнический завод _cЯрославль _3RU\NLR\AUTH\8810150647 _9795998 |
| 801 | 0 |
_aRU _bNLR _gpsbo |
|
| 801 | 1 |
_aRU _bELAR _2rusmarc |
|
| 852 |
_aNLR _j67-4/5435 |
||
| 942 | _cBOOK | ||
| 980 | _aNB | ||